| 000 | 00463nam a2200157Ia 4500 | ||
|---|---|---|---|
| 999 |
_c19316 _d19316 |
||
| 003 | OSt | ||
| 005 | 20200702152817.0 | ||
| 008 | 190216s9999||||xx |||||||||||||| ||und|| | ||
| 040 | _coclc | ||
| 082 |
_a947 _bNOV/S |
||
| 100 |
_aNovosti Press _93477 |
||
| 245 | 0 |
_aSoviet Samadana Munkaikal = Soviet Peace Initiatives / _cNovosti Press |
|
| 260 |
_bSoviet Pub, _c1983. _aMadras: |
||
| 300 | _a136p | ||
| 942 |
_cBK _2ddc _h947 _iNOV/S _k947 _mNOV/S |
||